[Event "Olomouc op"]
[Site "Olomouc"]
[Date "2011.08.04"]
[Round "1"]
[White "Blazeka, Matej"]
[Black "Bergloviec, Jan"]
[Result "1/2-1/2"]
[WhiteElo "2213"]
[BlackElo "1870"]
[PlyCount "102"]
[EventDate "2011.08.04"]
[EventType "swiss"]
[EventRounds "9"]
[EventCountry "CZE"]
[SourceTitle "CBM 143 Extra"]
[Source "ChessBase"]
[SourceDate "2011.08.29"]
[SourceVersion "1"]
[SourceVersionDate "2011.08.29"]
[SourceQuality "1"]

1. e4 c5 2. Nf3 d6 3. d4 cxd4 4. Nxd4 Nf6 5. Nc3 a6 6. f3 e6 7. Be3 Be7 8. Qd2 Nc6 9. 0-0-0 0-0 10. g4 Nxd4 11. Bxd4 e5 12. Be3 Be6 13. h4 Qa5 14. Kb1 Rfe8 15. Nd5 Qxd2 16. Nxe7+ Kf8 17. Bxd2 Kxe7 18. Bb4 Red8 19. Rh2 b5 20. Rhd2 Ne8 21. b3 a5 22. Ba3 b4 23. Bb2 Nc7 24. c3 f6 25. c4 h6 26. a4 Na6 27. h5 Nc5 28. Kc2 Rac8 29. Bc1 Rc6 30. Kb2 Rcc8 31. Rg2 Ra8 32. Be3 Rac8 33. Rgd2 Ra8 34. Bd3 Rac8 35. Bc2 Ra8 36. Kc1 Rac8 37. Bg1 Ra8 38. Be3 Rac8 39. Kb2 Ra8 40. Rg2 Rac8 41. Rdg1 Rh8 42. Rh1 Bf7 43. Rd2 Rcd8 44. Rhd1 Be6 45. Kc1 Rhe8 46. Rg1 Rh8 47. Kd1 Rhe8 48. Ke2 Rh8 49. Kf2 Rhe8 50. Kg3 Rh8 51. Rgd1 Rhe8 1/2-1/2

[Event "Ostrava Konik op-B"]
[Site "Ostrava"]
[Date "2011.05.06"]
[Round "7"]
[White "Bergloviec, Jan"]
[Black "Kula, Dominik"]
[Result "1-0"]
[WhiteElo "1882"]
[BlackElo "1650"]
[PlyCount "101"]
[EventDate "2011.04.30"]
[EventType "swiss"]
[EventRounds "9"]
[EventCountry "CZE"]
[SourceTitle "CBM 142 Extra"]
[Source "ChessBase"]
[SourceDate "2011.06.27"]
[SourceVersion "1"]
[SourceVersionDate "2011.06.27"]
[SourceQuality "1"]

1. d4 Nf6 2. c4 g6 3. Nc3 d5 4. cxd5 Nxd5 5. g3 Bg7 6. Bg2 Nxc3 7. bxc3 c5 8. e3 Nc6 9. Ne2 0-0 10. 0-0 cxd4 11. cxd4 Bf5 12. Bd2 Bd3 13. Bc3 Bxe2 14. Qxe2 Rc8 15. Rab1 Rb8 16. Rfc1 Qd6 17. Qc4 Rfc8 18. Qa4 a6 19. Rb6 e6 20. Rcb1 Qc7 21. Qb3 Nd8 22. Ba5 Qc2 23. Bxb7 Nxb7 24. Rxb7 Qxb3 25. R1xb3 Rxb7 26. Rxb7 Rc1+ 27. Kg2 Bh6 28. Rc7 Rb1 29. Rc2 Kg7 30. e4 Rc1 31. Rxc1 Bxc1 32. Bc3 f5 33. f3 fxe4 34. fxe4 Kf7 35. Kf3 Ke7 36. Ke2 Kd7 37. g4 Kd6 38. Kd3 Bg5 39. Kc4 h5 40. gxh5 gxh5 41. h3 Bd8 42. Bd2 Bb6 43. Bf4+ Kd7 44. d5 exd5+ 45. exd5 Ke7 46. Kd3 Kf6 47. Ke4 Bd8 48. Bg3 Kg5 49. d6 Bf6 50. Kd5 Kf5 51. Kc6 1-0